| 000 | 00399nam a2200121Ia 4500 | ||
|---|---|---|---|
| 008 | 130320s9999 xx 000 0 und d | ||
| 100 | _aBinu Mathai (M0111017) | ||
| 245 | _aScheduler: T mail: Message board | ||
| 502 |
_bPGDIT _dINT _eElizabeth Sherly _fSusheer RS (TeN, Technopark) _gTeN, Technopark,Thiruvananthapuram |
||
| 650 | _aTEN CORE ENGINE | ||
| 650 | _aWEB SERVIVE | ||
| 650 | _aTEN TECHNOLOGY | ||
| 999 |
_c2595 _d2595 |
||